[Event "Olomouc Chess Summer 2022 - C"]
[Site "Olomouc (CZE), Hotel Flora"]
[Date "2022.08.13"]
[Round "1"]
[Board "5"]
[White "Ali, Farhad Ali"]
[Black "Cagasik, Tomas"]
[Result "1/2-1/2"]
[WhiteElo "1716"]
[BlackElo "2143"]
[PlyCount "0"]
[EventDate "2022.08.13"]
[EventRounds "9"]
[EventCountry "CZE"]

1. d4 {[%clk 1:30:13]} Nf6 {[%clk 1:30:47]} 2. Nf3 {[%clk 1:30:05]} d5
{[%clk 1:30:40]} 3. Bf4 {[%clk 1:30:08]} c6 {[%clk 1:30:20]} 4. e3
{[%clk 1:27:55]} Bf5 {[%clk 1:28:29]} 5. Bd3 {[%clk 1:27:15]} Bxd3
{[%clk 1:27:15]} 6. Qxd3 {[%clk 1:24:55]} e6 {[%clk 1:27:14]} 7. O-O
{[%clk 1:24:13]} Bd6 {[%clk 1:26:47]} 8. Bg3 {[%clk 1:23:12]} Ne4
{[%clk 1:26:05]} 9. c4 {[%clk 1:23:04]} Bxg3 {[%clk 1:23:59]} 10. hxg3
{[%clk 1:20:04]} Nd7 {[%clk 1:21:31]} 11. Nc3 {[%clk 1:18:32]} f5
{[%clk 1:20:17]} 12. cxd5 {[%clk 1:16:44]} exd5 {[%clk 1:18:51]} 13. Ne5
{[%clk 1:09:09]} Qe7 {[%clk 1:14:32]} 14. Nxd7 {[%clk 0:53:21]} Qxd7
{[%clk 1:14:19]} 15. Nxe4 {[%clk 0:52:53]} fxe4 {[%clk 1:13:59]} 16. Qc2
{[%clk 0:44:34]} O-O {[%clk 1:13:09]} 17. f3 {[%clk 0:35:12]} Rae8
{[%clk 1:08:55]} 18. f4 {[%clk 0:25:53]} Qg4 {[%clk 1:05:18]} 19. Kf2
{[%clk 0:25:19]} Rf5 {[%clk 1:05:39]} 20. Qe2 {[%clk 0:24:47]} Qxe2+
{[%clk 1:05:22]} 21. Kxe2 {[%clk 0:25:10]} Rf6 {[%clk 1:02:46]} 22. Kf2
{[%clk 0:21:47]} a5 {[%clk 1:00:00]} 23. g4 {[%clk 0:18:48]} Ra8 {[%clk 0:55:39]}
24. g5 {[%clk 0:18:31]} Rf7 {[%clk 0:54:32]} 25. a4 {[%clk 0:18:29]} Ra6
{[%clk 0:53:40]} 26. g4 {[%clk 0:17:30]} Rb6 {[%clk 0:53:41]} 27. Ra2
{[%clk 0:12:33]} Rf8 {[%clk 0:51:11]} 28. Rc1 {[%clk 0:12:33]} Ra8
{[%clk 0:50:42]} 29. Ke2 {[%clk 0:11:04]} Raa6 {[%clk 0:50:01]} 30. Kd2
{[%clk 0:10:32]} Rb4 {[%clk 0:50:05]} 31. Rc5 {[%clk 0:09:24]} Rab6
{[%clk 0:46:02]} 32. Rxa5 {[%clk 0:09:07]} Rxb2+ {[%clk 0:45:04]} 33. Rxb2
{[%clk 0:09:30]} Rxb2+ {[%clk 0:45:30]} 34. Ke1 {[%clk 0:09:46]} Rb1+
{[%clk 0:43:09]} 35. Kf2 {[%clk 0:09:50]} Rb2+ {[%clk 0:43:29]} 36. Ke1
{[%clk 0:10:13]} Rb1+  1/2-1/2

[Event "Olomouc Chess Summer 2022 - C"]
[Site "Olomouc (CZE), Hotel Flora"]
[Date "2022.08.14"]
[Round "2"]
[Board "1"]
[White "Marek, Matyas"]
[Black "Mohapl, Tomas"]
[Result "1/2-1/2"]
[WhiteElo "2353"]
[BlackElo "1877"]
[PlyCount "0"]
[EventDate "2022.08.13"]
[EventRounds "9"]
[EventCountry "CZE"]

1. c4 {[%clk 1:30:45]} c6 {[%clk 1:30:35]} 2. Nf3 {[%clk 1:31:03]} d5
{[%clk 1:30:07]} 3. e3 {[%clk 1:31:27]} Nf6 {[%clk 1:29:24]} 4. Nc3
{[%clk 1:31:52]} a6 {[%clk 1:27:34]} 5. b3 {[%clk 1:31:27]} Bf5 {[%clk 1:20:53]}
6. Bb2 {[%clk 1:29:29]} e6 {[%clk 1:12:19]} 7. Be2 {[%clk 1:25:19]} h6
{[%clk 1:11:22]} 8. d3 {[%clk 1:21:15]} Be7 {[%clk 1:05:49]} 9. Qc2
{[%clk 1:16:03]} O-O {[%clk 1:04:20]} 10. Rg1 {[%clk 1:14:07]} dxc4
{[%clk 0:59:02]} 11. bxc4 {[%clk 1:13:54]} b5 {[%clk 0:59:20]} 12. Ne5
{[%clk 1:05:38]} Nfd7 {[%clk 0:51:16]} 13. Nxd7 {[%clk 0:52:33]} Nxd7
{[%clk 0:50:09]} 14. e4 {[%clk 0:52:38]} Bh7 {[%clk 0:48:39]} 15. cxb5
{[%clk 0:48:15]} cxb5 {[%clk 0:46:34]} 16. Nd1 {[%clk 0:43:28]} Bb4+
{[%clk 0:31:06]} 17. Kf1 {[%clk 0:41:33]} Rc8 {[%clk 0:27:07]} 18. Qb1
{[%clk 0:36:31]} Ba5 {[%clk 0:24:11]} 19. a4 {[%clk 0:32:32]} Nc5
{[%clk 0:22:26]} 20. g4 {[%clk 0:14:04]} Nb3 {[%clk 0:20:51]} 21. Qa2
{[%clk 0:12:29]} Nxa1 {[%clk 0:20:19]} 22. Qxa1 {[%clk 0:12:42]} f6
{[%clk 0:18:39]} 23. h4 {[%clk 0:12:35]} Rf7 {[%clk 0:13:13]} 24. axb5
{[%clk 0:10:31]} axb5 {[%clk 0:12:56]} 25. Qa2 {[%clk 0:10:46]} Rc6
{[%clk 0:11:00]} 26. Qb3 {[%clk 0:10:30]} b4 {[%clk 0:06:46]} 27. g5
{[%clk 0:10:07]} hxg5 {[%clk 0:05:53]} 28. hxg5 {[%clk 0:10:33]} fxg5
{[%clk 0:06:12]} 29. Bg4 {[%clk 0:09:31]} Qe7 {[%clk 0:05:36]} 30. Qa4
{[%clk 0:05:57]} Qc7 {[%clk 0:05:21]} 31. Bh5 {[%clk 0:05:51]} Re7
{[%clk 0:04:34]} 32. Rxg5 {[%clk 0:06:06]} Bb6 {[%clk 0:02:51]} 33. Qxb4
{[%clk 0:04:56]} Rc5 {[%clk 0:01:49]} 34. Bf6 {[%clk 0:02:10]} Rxg5
{[%clk 0:01:47]} 35. Bxg5 {[%clk 0:02:34]} Rd7 {[%clk 0:01:41]} 36. Bg4
{[%clk 0:02:24]} Qd6 {[%clk 0:01:14]} 37. Qxd6 {[%clk 0:00:53]} Rxd6
{[%clk 0:01:43]} 38. Ke2 {[%clk 0:00:51]} Kf7 {[%clk 0:00:42]} 39. Ne3
{[%clk 0:01:01]} Bxe3 {[%clk 0:00:44]} 40. Kxe3 {[%clk 0:01:24]} e5
{[%clk 0:00:37]} 41. Bh4 {[%clk 0:30:38]} Bg8 {[%clk 0:21:15]}  1/2-1/2

[Event "Olomouc Chess Summer 2022 - C"]
[Site "Olomouc (CZE), Hotel Flora"]
[Date "2022.08.14"]
[Round "2"]
[Board "2"]
[White "Kharchenko, Michail"]
[Black "Al-Ali, Hussein Ali Hussein"]
[Result "1/2-1/2"]
[WhiteElo "1880"]
[BlackElo "2235"]
[PlyCount "0"]
[EventDate "2022.08.13"]
[EventRounds "9"]
[EventCountry "CZE"]

1. e4 {[%clk 1:30:55]} e5 {[%clk 1:30:27]} 2. Nf3 {[%clk 1:30:59]} Nc6
{[%clk 1:30:51]} 3. Bc4 {[%clk 1:31:07]} Nf6 {[%clk 1:30:52]} 4. d3
{[%clk 1:31:26]} Be7 {[%clk 1:31:15]} 5. c3 {[%clk 1:31:07]} O-O {[%clk 1:31:39]}
6. Bb3 {[%clk 1:31:31]} d6 {[%clk 1:31:22]} 7. Nbd2 {[%clk 1:31:21]} Be6
{[%clk 1:31:41]} 8. Bc2 {[%clk 1:31:44]} h6 {[%clk 1:32:01]} 9. h3
{[%clk 1:31:13]} d5 {[%clk 1:32:13]} 10. Qe2 {[%clk 1:31:34]} Re8
{[%clk 1:32:19]} 11. O-O {[%clk 1:30:02]} Bf8 {[%clk 1:32:09]} 12. Re1
{[%clk 1:25:47]} a6 {[%clk 1:30:11]} 13. Nf1 {[%clk 1:16:49]} d4 {[%clk 1:19:08]}
14. Ng3 {[%clk 1:09:30]} g6 {[%clk 1:11:32]} 15. Nh2 {[%clk 1:02:12]} Nd7
{[%clk 1:09:46]} 16. f4 {[%clk 0:51:04]} exf4 {[%clk 1:09:52]} 17. Bxf4
{[%clk 0:51:26]} Nde5 {[%clk 1:10:14]} 18. Nf3 {[%clk 0:48:27]} Nxf3+
{[%clk 1:10:13]} 19. Qxf3 {[%clk 0:48:49]} Bg7 {[%clk 1:10:38]} 20. Ne2
{[%clk 0:44:31]} Qd7 {[%clk 1:09:16]} 21. Ba4 {[%clk 0:37:29]} b5
{[%clk 1:09:17]} 22. Bb3 {[%clk 0:37:57]} Bxb3 {[%clk 1:07:40]} 23. axb3
{[%clk 0:38:20]} dxc3 {[%clk 1:07:56]} 24. bxc3 {[%clk 0:38:02]} b4
{[%clk 1:08:12]} 25. Ra4 {[%clk 0:32:23]} a5 {[%clk 1:02:31]} 26. Rc1
{[%clk 0:27:30]} bxc3 {[%clk 1:02:17]} 27. Nxc3 {[%clk 0:26:04]} Nd4
{[%clk 1:02:18]} 28. Qd1 {[%clk 0:25:44]} c6 {[%clk 1:01:48]} 29. Ne2
{[%clk 0:20:27]} Rad8 {[%clk 0:59:16]} 30. Nxd4 {[%clk 0:16:01]} Bxd4+
{[%clk 0:59:41]} 31. Kh1 {[%clk 0:16:23]} Bg7 {[%clk 1:00:03]} 32. Qc2
{[%clk 0:16:19]} Qxd3 {[%clk 0:59:47]} 33. Qxc6 {[%clk 0:16:17]} Qxb3
{[%clk 0:56:50]} 34. Rxa5 {[%clk 0:16:17]} g5 {[%clk 0:54:37]} 35. Bc7
{[%clk 0:14:50]} Rc8 {[%clk 0:52:01]} 36. Rac5 {[%clk 0:12:49]} Qe3
{[%clk 0:51:04]} 37. e5 {[%clk 0:03:45]} Bxe5 {[%clk 0:48:34]} 38. Qd7
{[%clk 0:04:06]} Bxc7 {[%clk 0:48:13]} 39. Rxc7 {[%clk 0:04:19]} Qxc1+
{[%clk 0:48:36]} 40. Rxc1 {[%clk 0:04:34]} Rxc1+ {[%clk 0:48:59]} 41. Kh2
{[%clk 0:04:55]} Rce1 {[%clk 0:49:15]} 42. Qg4 {[%clk 0:04:39]} R8e6
{[%clk 0:49:26]} 43. Qf5 {[%clk 0:03:43]} R1e4 {[%clk 0:49:25]} 44. Qd5
{[%clk 0:03:10]} Kg7 {[%clk 0:49:49]} 45. Qf5 {[%clk 0:03:20]} R6e5
{[%clk 0:50:10]} 46. Qd7 {[%clk 0:03:09]} h5 {[%clk 0:50:23]} 47. Qc7
{[%clk 0:02:03]} h4 {[%clk 0:50:21]} 48. Qc3 {[%clk 0:02:08]} Kg6
{[%clk 0:50:01]} 49. Qc2 {[%clk 0:02:20]} Re6 {[%clk 0:49:58]} 50. Qd3
{[%clk 0:02:28]} f5 {[%clk 0:49:33]} 51. Qd8 {[%clk 0:02:48]} Re8
{[%clk 0:49:50]} 52. Qd6+ {[%clk 0:03:04]} R4e6 {[%clk 0:50:10]} 53. Qd3
{[%clk 0:03:32]} Rf8 {[%clk 0:49:20]} 54. Qd7 {[%clk 0:02:35]} Ref6
{[%clk 0:47:58]} 55. Qd3 {[%clk 0:02:36]} Kh6 {[%clk 0:48:18]} 56. Kg1
{[%clk 0:02:43]} R8f7 {[%clk 0:46:35]} 57. Qd8 {[%clk 0:02:16]} Rf8
{[%clk 0:45:37]} 58. Qd3 {[%clk 0:02:38]} g4 {[%clk 0:44:15]} 59. Qd2+
{[%clk 0:01:41]} Kg6 {[%clk 0:42:49]} 60. Qd3 {[%clk 0:01:35]} g3
{[%clk 0:41:38]} 61. Qd7 {[%clk 0:00:56]} Rb6 {[%clk 0:40:46]} 62. Kf1
{[%clk 0:01:10]} Rfb8 {[%clk 0:40:41]} 63. Ke2 {[%clk 0:00:52]} Rb2+
{[%clk 0:40:34]} 64. Kd3 {[%clk 0:01:05]} R2b7 {[%clk 0:39:08]} 65. Qe6+
{[%clk 0:01:11]} Kg5 {[%clk 0:39:24]} 66. Qe3+ {[%clk 0:01:38]} Kh5
{[%clk 0:39:34]} 67. Qe2+ {[%clk 0:01:54]} Kg5 {[%clk 0:37:53]} 68. Qe3+
{[%clk 0:02:16]} Kf6 {[%clk 0:36:53]} 69. Qh6+ {[%clk 0:01:55]} Ke5
{[%clk 0:37:17]} 70. Qe3+ {[%clk 0:02:08]} Kd5 {[%clk 0:35:54]} 71. Qf3+
{[%clk 0:01:24]} Ke6 {[%clk 0:33:35]} 72. Qe3+ {[%clk 0:01:44]} Kf7
{[%clk 0:33:21]} 73. Qh6 {[%clk 0:02:12]} Rb3+ {[%clk 0:31:38]} 74. Kc4
{[%clk 0:02:30]} R8b4+ {[%clk 0:31:37]} 75. Kc5 {[%clk 0:02:52]} Rb5+
{[%clk 0:32:02]} 76. Kc4 {[%clk 0:02:55]} R3b4+ {[%clk 0:32:25]} 77. Kc3
{[%clk 0:03:17]} Ke7 {[%clk 0:32:32]} 78. Qg7+ {[%clk 0:03:08]} Ke6
{[%clk 0:32:37]} 79. Qg6+ {[%clk 0:03:25]} Ke5 {[%clk 0:30:39]} 80. Qg7+
{[%clk 0:03:04]} Kd6 {[%clk 0:30:07]} 81. Qf6+ {[%clk 0:03:21]} Kc7
{[%clk 0:30:32]} 82. Qe7+ {[%clk 0:03:43]} Kc6 {[%clk 0:30:39]} 83. Qe6+
{[%clk 0:04:02]} Kb7 {[%clk 0:31:02]} 84. Qd7+ {[%clk 0:04:22]} Kb6
{[%clk 0:31:09]} 85. Qd8+ {[%clk 0:03:27]} Ka7 {[%clk 0:31:20]} 86. Qc7+
{[%clk 0:03:41]} Ka6 {[%clk 0:30:47]} 87. Qc6+ {[%clk 0:03:49]} Ka7
{[%clk 0:27:25]} 88. Qc7+ {[%clk 0:04:08]} Ka6 {[%clk 0:27:15]}  1/2-1/2

[Event "Olomouc Chess Summer 2022 - C"]
[Site "Olomouc (CZE), Hotel Flora"]
[Date "2022.08.14"]
[Round "2"]
[Board "3"]
[White "Houska, Jiri"]
[Black "Vesely, Jiri"]
[Result "1/2-1/2"]
[WhiteElo "2220"]
[BlackElo "1851"]
[PlyCount "0"]
[EventDate "2022.08.13"]
[EventRounds "9"]
[EventCountry "CZE"]

1. e4 {[%clk 1:28:09]} c5 {[%clk 1:30:53]} 2. Nf3 {[%clk 1:28:28]} g6
{[%clk 1:31:17]} 3. d4 {[%clk 1:28:20]} cxd4 {[%clk 1:31:40]} 4. Nxd4
{[%clk 1:28:44]} Nc6 {[%clk 1:32:02]} 5. Nc3 {[%clk 1:28:27]} Bg7
{[%clk 1:31:31]} 6. Be3 {[%clk 1:28:38]} Nf6 {[%clk 1:30:19]} 7. Bc4
{[%clk 1:27:43]} Qa5 {[%clk 1:29:55]} 8. O-O {[%clk 1:12:56]} O-O
{[%clk 1:26:06]} 9. Nb3 {[%clk 1:05:59]} Qc7 {[%clk 1:17:23]} 10. f4
{[%clk 1:03:22]} d6 {[%clk 1:14:08]} 11. Be2 {[%clk 1:02:37]} a6 {[%clk 1:04:25]}
12. a4 {[%clk 0:58:37]} Na5 {[%clk 0:52:37]} 13. Nxa5 {[%clk 0:58:12]} Qxa5
{[%clk 0:53:02]} 14. Bf3 {[%clk 0:55:34]} Be6 {[%clk 0:47:00]} 15. Qd2
{[%clk 0:50:30]} Rfc8 {[%clk 0:42:58]} 16. h3 {[%clk 0:37:17]} Rc4
{[%clk 0:38:41]}  1/2-1/2

[Event "Olomouc Chess Summer 2022 - C"]
[Site "Olomouc (CZE), Hotel Flora"]
[Date "2022.08.14"]
[Round "2"]
[Board "4"]
[White "Smajzrova, Veronika"]
[Black "Zvolanek, Libor"]
[Result "1/2-1/2"]
[WhiteElo "1871"]
[BlackElo "2130"]
[PlyCount "0"]
[EventDate "2022.08.13"]
[EventRounds "9"]
[EventCountry "CZE"]

1. e4 {[%clk 1:30:58]} Nf6 {[%clk 1:30:56]} 2. e5 {[%clk 1:31:12]} Nd5
{[%clk 1:31:25]} 3. d4 {[%clk 1:31:27]} d6 {[%clk 1:31:48]} 4. Nf3
{[%clk 1:30:19]} Bg4 {[%clk 1:31:59]} 5. Be2 {[%clk 1:30:06]} c6 {[%clk 1:32:18]}
6. O-O {[%clk 1:28:14]} Bxf3 {[%clk 1:32:17]} 7. Bxf3 {[%clk 1:28:27]} dxe5
{[%clk 1:32:43]} 8. dxe5 {[%clk 1:28:22]} e6 {[%clk 1:33:00]} 9. Qe2
{[%clk 1:20:39]} Nd7 {[%clk 1:30:53]} 10. c4 {[%clk 1:18:09]} Ne7
{[%clk 1:30:55]} 11. b3 {[%clk 1:09:32]} Ng6 {[%clk 1:28:50]} 12. Bb2
{[%clk 1:08:11]} Qg5 {[%clk 1:26:45]} 13. Be4 {[%clk 0:49:22]} Nf4
{[%clk 1:10:41]} 14. Qf3 {[%clk 0:45:11]} Nxe5 {[%clk 1:10:13]} 15. Bxe5
{[%clk 0:42:01]} Qxe5 {[%clk 1:10:14]} 16. Bxc6+ {[%clk 0:31:31]} bxc6
{[%clk 1:10:30]} 17. Qxc6+ {[%clk 0:31:57]} Ke7 {[%clk 1:10:53]} 18. Qxa8
{[%clk 0:27:01]} Qxa1 {[%clk 1:10:24]} 19. Qb7+ {[%clk 0:23:37]} Kf6
{[%clk 1:08:31]} 20. Qf3 {[%clk 0:18:22]} g5 {[%clk 1:03:56]} 21. g3
{[%clk 0:17:51]} Qe5 {[%clk 1:01:19]} 22. gxf4 {[%clk 0:16:42]} Qxf4
{[%clk 1:00:49]} 23. Qc3+ {[%clk 0:11:36]} Qe5 {[%clk 0:55:02]} 24. Qf3+
{[%clk 0:06:37]} Kg7 {[%clk 0:54:22]} 25. Nc3 {[%clk 0:05:29]} Be7
{[%clk 0:51:03]} 26. Rd1 {[%clk 0:04:04]} Rd8 {[%clk 0:51:00]} 27. Rxd8
{[%clk 0:02:00]} Bxd8 {[%clk 0:51:29]} 28. Qe3 {[%clk 0:01:24]} Qf5
{[%clk 0:49:17]} 29. Ne4 {[%clk 0:00:36]} h6 {[%clk 0:49:44]} 30. Qd4+
{[%clk 0:00:49]} Kh7 {[%clk 0:48:37]} 31. Qxd8 {[%clk 0:00:32]} Qxe4
{[%clk 0:49:05]} 32. Qd2 {[%clk 0:00:36]} Kg6 {[%clk 0:46:02]} 33. Qa5
{[%clk 0:00:36]} h5 {[%clk 0:38:53]} 34. Qxa7 {[%clk 0:00:41]} h4
{[%clk 0:39:20]} 35. Qe3 {[%clk 0:00:44]} Qg4+ {[%clk 0:39:49]} 36. Kf1
{[%clk 0:00:34]} h3 {[%clk 0:40:16]} 37. Qd3+ {[%clk 0:00:35]} f5
{[%clk 0:40:35]} 38. Qd6 {[%clk 0:00:50]} Qg2+ {[%clk 0:40:22]} 39. Ke2
{[%clk 0:01:17]} Qe4+ {[%clk 0:40:27]} 40. Kf1 {[%clk 0:01:19]} Qb1+
{[%clk 0:40:36]} 41. Ke2 {[%clk 0:27:52]} Qxa2+ {[%clk 1:11:07]} 42. Ke3
{[%clk 0:21:03]} Qxb3+ {[%clk 1:02:43]} 43. Kd4 {[%clk 0:21:09]} Qb2+
{[%clk 1:00:49]} 44. Kd3 {[%clk 0:17:03]} Qb1+ {[%clk 0:59:59]} 45. Kd4
{[%clk 0:16:43]} Qe4+ {[%clk 1:00:20]} 46. Kc5 {[%clk 0:16:40]} f4
{[%clk 0:56:22]} 47. Kb5 {[%clk 0:11:31]} Qb1+ {[%clk 0:53:07]} 48. Kc6
{[%clk 0:09:30]} Qe4+ {[%clk 0:50:58]} 49. Kb5 {[%clk 0:08:56]} Qb7+
{[%clk 0:49:54]} 50. Ka5 {[%clk 0:07:29]} Qa7+ {[%clk 0:46:12]} 51. Kb5
{[%clk 0:07:44]} Qb7+ {[%clk 0:46:24]}  1/2-1/2

[Event "Olomouc Chess Summer 2022 - C"]
[Site "Olomouc (CZE), Hotel Flora"]
[Date "2022.08.14"]
[Round "2"]
[Board "5"]
[White "Bednar, Jiri"]
[Black "Soban, Jaroslav"]
[Result "0-1"]
[WhiteElo "1844"]
[BlackElo "2101"]
[PlyCount "0"]
[EventDate "2022.08.13"]
[EventRounds "9"]
[EventCountry "CZE"]

1. e4 {[%clk 1:30:47]} c5 {[%clk 1:30:40]} 2. Nf3 {[%clk 1:31:02]} e6
{[%clk 1:31:04]} 3. Nc3 {[%clk 1:31:12]} Nc6 {[%clk 1:31:19]} 4. d4
{[%clk 1:31:33]} cxd4 {[%clk 1:31:41]} 5. Nxd4 {[%clk 1:31:49]} Nf6
{[%clk 1:32:01]} 6. Be3 {[%clk 1:31:32]} Bb4 {[%clk 1:32:01]} 7. Bd3
{[%clk 1:31:37]} e5 {[%clk 1:31:17]} 8. Nxc6 {[%clk 1:09:05]} bxc6
{[%clk 1:31:29]} 9. O-O {[%clk 1:09:15]} O-O {[%clk 1:29:44]} 10. a3
{[%clk 1:06:33]} Be7 {[%clk 1:29:06]} 11. f3 {[%clk 0:52:14]} d5 {[%clk 1:24:56]}
12. exd5 {[%clk 0:50:52]} cxd5 {[%clk 1:25:06]} 13. Bf2 {[%clk 0:50:50]} Rb8
{[%clk 1:09:55]} 14. Rb1 {[%clk 0:48:56]} d4 {[%clk 1:01:33]} 15. Ne2
{[%clk 0:47:28]} Be6 {[%clk 0:54:03]} 16. c4 {[%clk 0:42:36]} a5 {[%clk 0:47:42]}
17. Be1 {[%clk 0:39:35]} Nd7 {[%clk 0:32:51]} 18. b4 {[%clk 0:34:28]} f5
{[%clk 0:33:15]} 19. Qc2 {[%clk 0:26:10]} g6 {[%clk 0:32:22]} 20. Bd2
{[%clk 0:21:43]} Nf6 {[%clk 0:30:22]} 21. Ng3 {[%clk 0:20:36]} h5
{[%clk 0:28:21]} 22. Rfe1 {[%clk 0:17:06]} Qc7 {[%clk 0:24:41]} 23. c5
{[%clk 0:16:15]} Kg7 {[%clk 0:19:45]} 24. Bg5 {[%clk 0:08:07]} Nd5
{[%clk 0:19:50]} 25. Bxe7 {[%clk 0:07:05]} Nxe7 {[%clk 0:16:14]} 26. b5
{[%clk 0:06:00]} Nd5 {[%clk 0:15:23]} 27. b6 {[%clk 0:06:19]} Qf7
{[%clk 0:08:45]} 28. Rxe5 {[%clk 0:06:13]} Qf6 {[%clk 0:09:05]} 29. Rxd5
{[%clk 0:04:08]} Bxd5 {[%clk 0:09:25]} 30. Qa4 {[%clk 0:04:22]} Rfc8
{[%clk 0:06:56]} 31. Qxa5 {[%clk 0:04:31]} Qe7 {[%clk 0:06:35]} 32. Qd2
{[%clk 0:03:10]} Rxc5 {[%clk 0:02:30]} 33. a4 {[%clk 0:03:13]} Qe3+
{[%clk 0:02:32]} 34. Qxe3 {[%clk 0:02:56]} dxe3 {[%clk 0:03:00]} 35. Kf1
{[%clk 0:02:48]} Ra5 {[%clk 0:01:25]} 36. Rb4 {[%clk 0:02:52]} Bc6
{[%clk 0:01:06]} 37. Bc2 {[%clk 0:02:12]} Ra6 {[%clk 0:01:16]} 38. Ke2
{[%clk 0:02:05]} Rbxb6 {[%clk 0:01:31]} 39. Rxb6 {[%clk 0:02:08]} Rxb6
{[%clk 0:01:59]} 40. Kxe3 {[%clk 0:01:59]} Rb2 {[%clk 0:00:56]}  0-1

[Event "Olomouc Chess Summer 2022 - C"]
[Site "Olomouc (CZE), Hotel Flora"]
[Date "2022.08.14"]
[Round "3"]
[Board "5"]
[White "Al-Ali, Hussein Ali Hussein"]
[Black "Vylicil, Adam"]
[Result "1-0"]
[WhiteElo "2235"]
[BlackElo "1985"]
[PlyCount "0"]
[EventDate "2022.08.13"]
[EventRounds "9"]
[EventCountry "CZE"]

1. e4 {[%clk 1:27:03]} e6 {[%clk 1:30:52]} 2. d3 {[%clk 1:27:09]} d5
{[%clk 1:31:16]} 3. Nd2 {[%clk 1:27:34]} Nf6 {[%clk 1:31:34]} 4. Ngf3
{[%clk 1:27:58]} c5 {[%clk 1:31:48]} 5. g3 {[%clk 1:28:16]} Nc6 {[%clk 1:32:02]}
6. Bg2 {[%clk 1:28:40]} Be7 {[%clk 1:32:19]} 7. O-O {[%clk 1:29:03]} O-O
{[%clk 1:32:37]} 8. Re1 {[%clk 1:29:25]} Qc7 {[%clk 1:32:04]} 9. c3
{[%clk 1:26:53]} b5 {[%clk 1:28:15]} 10. a3 {[%clk 1:24:03]} Bb7 {[%clk 1:26:32]}
11. e5 {[%clk 1:23:18]} Nd7 {[%clk 1:25:20]} 12. d4 {[%clk 1:23:36]} Qb6
{[%clk 1:17:37]} 13. Nf1 {[%clk 1:23:25]} a5 {[%clk 1:09:46]} 14. h4
{[%clk 1:21:59]} a4 {[%clk 1:07:59]} 15. Be3 {[%clk 1:21:53]} cxd4
{[%clk 1:04:24]} 16. Bxd4 {[%clk 1:15:00]} Nxd4 {[%clk 1:00:11]} 17. Nxd4
{[%clk 1:15:02]} Bc5 {[%clk 0:58:22]} 18. Ne3 {[%clk 1:11:42]} Bxd4
{[%clk 0:47:19]} 19. Qxd4 {[%clk 1:12:01]} Qxd4 {[%clk 0:45:21]} 20. cxd4
{[%clk 1:12:26]} Nb6 {[%clk 0:44:30]} 21. b3 {[%clk 1:09:01]} axb3
{[%clk 0:35:08]} 22. Reb1 {[%clk 1:09:26]} Nc4 {[%clk 0:33:53]} 23. Rxb3
{[%clk 1:09:46]} Bc6 {[%clk 0:33:34]} 24. Nc2 {[%clk 1:04:05]} Ra7
{[%clk 0:28:36]} 25. Bf1 {[%clk 1:04:24]} Rfa8 {[%clk 0:27:00]} 26. Rc3
{[%clk 1:02:16]} Kf8 {[%clk 0:24:05]} 27. Bd3 {[%clk 0:59:22]} h6
{[%clk 0:19:43]} 28. Be2 {[%clk 0:58:56]} Bd7 {[%clk 0:19:06]} 29. f3
{[%clk 0:54:00]} Ke7 {[%clk 0:18:28]} 30. Kf2 {[%clk 0:54:24]} Ra4
{[%clk 0:13:43]} 31. Rb3 {[%clk 0:54:41]} R4a7 {[%clk 0:10:56]} 32. Ke1
{[%clk 0:54:31]} Na5 {[%clk 0:09:59]} 33. Rc3 {[%clk 0:54:23]} Nc4
{[%clk 0:10:05]} 34. f4 {[%clk 0:54:34]} b4 {[%clk 0:05:10]} 35. Nxb4
{[%clk 0:54:55]} Rxa3 {[%clk 0:05:30]} 36. Rcxa3 {[%clk 0:55:02]} Rxa3
{[%clk 0:05:47]} 37. Rxa3 {[%clk 0:55:12]} Nxa3 {[%clk 0:06:11]} 38. Kd2
{[%clk 0:55:25]} Bb5 {[%clk 0:04:19]} 39. Bf3 {[%clk 0:54:55]} Nc4+
{[%clk 0:02:58]} 40. Kc3 {[%clk 0:52:03]} Ne3 {[%clk 0:01:30]} 41. h5
{[%clk 0:51:47]} Nf5 {[%clk 0:00:32]} 42. g4 {[%clk 0:52:02]} Nh4
{[%clk 0:00:35]} 43. Bd1 {[%clk 0:52:05]} f5 {[%clk 0:15:44]} 44. exf6+
{[%clk 1:22:52]} Kxf6 {[%clk 0:14:20]} 45. Kd2 {[%clk 1:20:54]} Bc4
{[%clk 0:12:28]} 46. Ke3 {[%clk 1:21:15]} g6 {[%clk 0:11:53]} 47. hxg6
{[%clk 1:21:34]} Nxg6 {[%clk 0:12:17]} 48. Nc6 {[%clk 1:20:36]} Bb5
{[%clk 0:10:46]} 49. Ne5 {[%clk 1:20:35]} Nxe5 {[%clk 0:06:29]} 50. dxe5+
{[%clk 1:20:59]} Ke7 {[%clk 0:06:23]} 51. f5 {[%clk 1:21:13]} Bd7
{[%clk 0:05:18]} 52. Kf4 {[%clk 1:21:32]} Kf7 {[%clk 0:04:34]} 53. f6
{[%clk 1:21:28]} Kg8 {[%clk 0:01:39]} 54. g5 {[%clk 1:20:46]} hxg5+
{[%clk 0:01:47]} 55. Kxg5 {[%clk 1:21:11]} Be8 {[%clk 0:01:26]} 56. Be2
{[%clk 1:21:28]} Kh7 {[%clk 0:00:44]} 57. Bd3+ {[%clk 1:21:44]} Kg8
{[%clk 0:00:49]} 58. Kh6 {[%clk 1:22:05]} Kf8 {[%clk 0:00:36]} 59. Kg5
{[%clk 1:21:09]} Kg8 {[%clk 0:00:37]} 60. Kf4 {[%clk 1:21:11]} Kf7
{[%clk 0:00:33]} 61. Ke3 {[%clk 1:21:36]} Ba4 {[%clk 0:00:39]} 62. Kd4
{[%clk 1:21:46]} Bd1 {[%clk 0:00:48]} 63. Kc5 {[%clk 1:21:25]} Bg4
{[%clk 0:00:53]} 64. Kd6 {[%clk 1:21:10]} Bh5 {[%clk 0:00:45]} 65. Bc2
{[%clk 1:20:42]} Bg4 {[%clk 0:00:49]} 66. Bd3 {[%clk 1:19:59]} Bh3
{[%clk 0:00:48]} 67. Be2 {[%clk 1:20:18]} Bf5 {[%clk 0:01:04]} 68. Bh5+
{[%clk 1:20:27]} Kf8 {[%clk 0:01:33]} 69. Kc5 {[%clk 1:20:40]} Bh7
{[%clk 0:01:20]} 70. Bg4 {[%clk 1:20:58]} Bg8 {[%clk 0:01:08]} 71. Kd6
{[%clk 1:20:35]} Bf7 {[%clk 0:00:35]} 72. Bxe6 {[%clk 1:20:11]} Bxe6
{[%clk 0:00:43]} 73. Kxe6 {[%clk 1:20:37]} d4 {[%clk 0:01:08]} 74. f7
{[%clk 1:21:06]} d3 {[%clk 0:01:18]} 75. Kf6 {[%clk 1:21:31]} d2 {[%clk 0:01:44]}
76. e6 {[%clk 1:21:58]} d1=Q {[%clk 0:02:06]} 77. e7# {[%clk 1:22:22]}  1-0

[Event "Olomouc Chess Summer 2022 - C"]
[Site "Olomouc (CZE), Hotel Flora"]
[Date "2022.08.15"]
[Round "4"]
[Board "5"]
[White "Houska, Jiri"]
[Black "Lehmann, Christoph"]
[Result "1-0"]
[WhiteElo "2220"]
[BlackElo "1916"]
[PlyCount "0"]
[EventDate "2022.08.13"]
[EventRounds "9"]
[EventCountry "CZE"]

1. d4 {[%clk 1:30:42]} d5 {[%clk 1:30:45]} 2. c4 {[%clk 1:30:59]} dxc4
{[%clk 1:30:19]} 3. Nf3 {[%clk 1:31:24]} Nf6 {[%clk 1:29:19]} 4. e3
{[%clk 1:31:35]} c5 {[%clk 1:26:34]} 5. Bxc4 {[%clk 1:30:58]} e6 {[%clk 1:24:17]}
6. O-O {[%clk 1:31:13]} Nc6 {[%clk 1:22:53]} 7. Bb3 {[%clk 1:27:20]} Be7
{[%clk 1:14:52]} 8. Nc3 {[%clk 1:26:03]} cxd4 {[%clk 1:12:37]} 9. exd4
{[%clk 1:26:27]} O-O {[%clk 1:09:50]} 10. Re1 {[%clk 1:25:50]} a6
{[%clk 1:07:36]} 11. h4 {[%clk 1:23:36]} b5 {[%clk 1:00:00]} 12. d5
{[%clk 1:23:17]} exd5 {[%clk 0:58:24]} 13. Nxd5 {[%clk 1:23:41]} Nxd5
{[%clk 0:57:24]} 14. Bxd5 {[%clk 1:23:41]} Bb7 {[%clk 0:55:28]} 15. Bf4
{[%clk 1:21:16]} Bf6 {[%clk 0:45:47]} 16. Bd6 {[%clk 1:16:51]} Re8
{[%clk 0:44:32]} 17. Bxf7+ {[%clk 1:12:55]} Kxf7 {[%clk 0:42:49]} 18. Qd5+
{[%clk 1:13:05]} Kg6 {[%clk 0:42:05]} 19. Rxe8 {[%clk 1:06:30]} Qxe8
{[%clk 0:32:40]} 20. h5+ {[%clk 1:05:49]} Kh6 {[%clk 0:33:03]} 21. Bf4+
{[%clk 1:06:00]} g5 {[%clk 0:33:02]} 22. Bxg5+ {[%clk 1:05:12]} Kg7
{[%clk 0:33:01]} 23. h6+ {[%clk 1:01:16]} Kf8 {[%clk 0:31:42]} 24. Bxf6
{[%clk 1:01:18]} Qf7 {[%clk 0:27:45]} 25. Qd6+ {[%clk 0:51:20]} Kg8
{[%clk 0:26:26]} 26. Ng5 {[%clk 0:48:20]} Qc4 {[%clk 0:24:04]} 27. Qd7
{[%clk 0:44:33]}  1-0